| 000 | 00499nam a2200193 a 4500 | ||
|---|---|---|---|
| 001 | 1773825107059 | ||
| 003 | YourLibrary | ||
| 005 | 20260318144534.0 | ||
| 008 | 260318s2005##################000#0#eng## | ||
| 020 | _a9780415701556 | ||
| 082 | 0 | 4 | _a338.1847WEG |
| 100 | 1 |
_aWegren, Stephen K., _eauthor. |
|
| 245 | 1 | 0 | _aRural Adaptation in Russia : |
| 260 |
_bPsychology Press, _c2005. |
||
| 300 | _a237 pages | ||
| 650 | 0 | _aHistory. | |
| 942 | _cENGLISH | ||
| 040 |
_aYourLibrary _beng _cYourLibrary |
||
| 999 |
_c617833 _d617833 |
||